000 00389nam a2200145Ia 4500
008 231129s1985||||xx |||||||||||||| ||spa||
020 _a958-602-046-0
040 _bspa
082 _aR 613 P342m
100 _aPaxton Paul
245 0 _aMedicina y salud: guí­a práctica
260 _c1985
264 _aCí­rculo de Lectores
942 _2ddc
_cBKS
999 _c20862
_d20862